000 00807nam a2200265Ia 4500
003 OSt
005 20220928130555.0
006 a|||||r|||| 00| 0
007 ta
008 220927b |||||||| |||| 00| 0 eng d
024 _a70459
037 _cTextual
040 _aSDCL
_cSDCL
_beng
041 _2eng
_aeng
082 _aQ2:4x, P6
100 _aKulshreshtha Abha
245 0 _aSriranganatharrih
_b Gems of law and Dharmasastra.
260 _aDelhi
_bSanjay Prakashan
_c2006
300 _axxi,625p.
_ccm.
490 _aKalidasa Academy of Sanskrit music and fine arts series no.16
650 _aSriranganatharrih
_9474720
700 _a Kulshreshtha Sushma Ed.
_9429001
942 _hQ2:4x, P6
_cTEXL
_2CC
999 _c787275
_d787275